| 000 | 01212cam a22003133a 4500 | ||
|---|---|---|---|
| 001 | 1038 | ||
| 005 | 20230908152645.0 | ||
| 020 | _a078073003501 | ||
| 040 |
_aBVD _cBVD _dOCO _dJED _dIHI _dOCL _dDLC _beng |
||
| 050 | 0 | 0 | _aPZ7.D128 |
| 082 | _aFic | ||
| 100 | 1 | _aDadey, Debbie. | |
| 245 | 1 | 0 |
_aHercules doesn't pull teeth / _cby Debbie Dadey and Marcia Thornton Jones ; illustrated by John Steven Gurney. |
| 260 |
_aNew York : _bScholastic, _c1998. |
||
| 300 |
_a70 pages : _billustrations; _c20 cm |
||
| 490 |
_aThe Adventures of the Bailey School kids _vBook 30 |
||
| 500 | _a"Little Apple paperback." | ||
| 505 | _aN | ||
| 520 | _aThere are some pretty weird grown-ups living in Bailey City. But could the dentist who has extra-large muscles and talks of being champion of the world really be Hercules, the strongest man in the world? The Bailey School kids are going to find out! | ||
| 521 | 0 |
_a560
_bLexile |
|
| 521 | 1 |
_aN
_bRaz-Plus |
|
| 650 | 0 |
_aDentists _vFiction. |
|
| 650 | 0 |
_aSchools _vFiction. |
|
| 655 | 7 |
_aChildren's stories. _2lcsh |
|
| 700 | 1 | _aJones, Marcia Thornton. | |
| 700 | 1 | _aGurney, John. | |
| 906 |
_a7 _bcbc _ccopycat _d2 _encip _f19 _gy-genrareb |
||
| 942 |
_2ddc _cBK _n0 |
||
| 999 |
_c1038 _d1038 |
||